| 000 | 01079cab a22002055a 4500 | ||
|---|---|---|---|
| 001 | L143012 | ||
| 008 | 080401e20080328xxk f 000 0 eng d | ||
| 035 | _a(Sirsi) u143012 | ||
| 041 | 0 | _aeng | |
| 100 | 1 | _aNeale, Jon | |
| 245 | 0 | 0 | _aDays of old |
| 260 | _c2008 | ||
| 490 | 0 |
_aBuilding _v273(8522) 28 March 2008, 54-57(4) |
|
| 520 | _aDiscusses building industry response to the Lifetime Homes standard. Lifetime Homes aims to deliver suitable houses for disabled and elderly people and is likely to become mandatory in England from 2013. Many believe the standard is another burden on the industry, involving another layer of cost (estimated costs for implementing the standard range from £545 to £1 615 a dwelling) and being difficult to achieve on certain types of site and housing design. In addition, some of the criteria are at odds with existing planning guidance. Includes key points from the Lifetime Homes standard. | ||
| 590 | _aKA | ||
| 650 | 2 | 4 | _aLIFETIME HOMES |
| 651 | 4 |
_aEngland _y886- |
|
| 690 | _aBUILT ENVIRONMENT-BUILDING STANDARDS | ||
| 942 | _n0 | ||
| 999 |
_c80016 _d80016 |
||